Bàn thêm về tương quan giữa cái cổ truyền và cái độc đáo trong thi pháp trung đại/
Saved in:
| Main Author: | |
|---|---|
| Format: | Article |
| Language: | Vietnamese |
| Subjects: | |
| Tags: |
Add Tag
No Tags, Be the first to tag this record!
|
| Institutions: | Thư viện Trường Đại học Đà Lạt |
|---|
| LEADER | 00837nam a2200289 4500 | ||
|---|---|---|---|
| 001 | DLU080061781 | ||
| 005 | ##20080108 | ||
| 040 | # | # | |a DLU |b vie |
| 041 | # | # | |a vie |
| 044 | # | # | |a vn |
| 100 | # | # | |a Kudelin,A.B |
| 245 | # | # | |a Bàn thêm về tương quan giữa cái cổ truyền và cái độc đáo trong thi pháp trung đại/ |c A.B.Kudelin |
| 653 | # | # | |a Phóng tác |
| 653 | # | # | |a Thi pháp |
| 653 | # | # | |a Trung Cận Đông |
| 653 | # | # | |a Văn học trung đại |
| 773 | # | # | |t Nghiên cứu văn học |g Số 11, 2007,tr.55-62 |
| 920 | # | # | |a Phòng Tạp chí -- Trung tâm Thông tin - Thư viện Trường Đại học Đà Lạt |
| 933 | # | # | |a NV |
| 994 | # | # | |a DLU |
| 900 | # | # | |a True |
| 911 | # | # | |a Nguyễn Thị Minh Cầm |
| 925 | # | # | |a G |
| 926 | # | # | |a A |
| 927 | # | # | |a BB |
| 980 | # | # | |a Thư viện Trường Đại học Đà Lạt |